Bu lông cường độ cao trong kết cấu cầu. /
محفوظ في:
| المؤلف الرئيسي: | |
|---|---|
| التنسيق: | كتاب |
| اللغة: | Vietnamese |
| منشور في: |
H. :
Giao thông vận tải ,
1985
|
| الموضوعات: | |
| الوسوم: |
إضافة وسم
لا توجد وسوم, كن أول من يضع وسما على هذه التسجيلة!
|
| Thư viện lưu trữ: | Thư viện Trường CĐ Kỹ Thuật Cao Thắng |
|---|
| LEADER | 00636nam a2200193 a 4500 | ||
|---|---|---|---|
| 001 | TVCDKTCT81 | ||
| 003 | Thư viện trường Cao đẳng Kỹ thuật Cao Thắng | ||
| 005 | 20050729000000 | ||
| 008 | 050729 | ||
| 980 | \ | \ | |a Thư viện Trường CĐ Kỹ Thuật Cao Thắng |
| 024 | |a RG_1 #1 eb0 i1 | ||
| 041 | 0 | # | |a vie |
| 082 | # | # | |a 624.3 / |b V200I-b |
| 100 | 1 | # | |a B.M Veinblat |
| 245 | 0 | 0 | |a Bu lông cường độ cao trong kết cấu cầu. / |c B.M Veinblat |
| 260 | # | # | |a H. : |b Giao thông vận tải , |c 1985 |
| 300 | # | # | |a 185tr. ; |c 19cm |
| 650 | # | 4 | |a Xây dựng--cầu |
| 650 | # | 4 | |a Kết cấu -cầu |